| Tag |
First Indicator |
Second Indicator |
Subfields |
| LEADER |
00000cam a2200000 i 4500 |
| 001 |
in00000049380 |
| 005 |
20151007071706.0 |
| 008 |
780831r19771744kyu b 00010 eng d |
| 035 |
|
|
|a (OCoLC)04183231
|
| 035 |
|
|
|9 AAE6453AM
|
| 040 |
|
|
|a DLC
|c RRR
|d RRR
|d TXA
|d UtOrBLW
|
| 043 |
|
|
|a ncpn---
|
| 049 |
|
|
|a TXAI
|
| 099 |
|
|
|a fiche
|a C
|a 2118
|
| 100 |
1 |
|
|a Vernon, Edward,
|d 1684-1757.
|
| 245 |
1 |
0 |
|a Original papers relating to the expedition to Panama.
|
| 264 |
|
1 |
|a London :
|b M. Cooper,
|c 1744.
|
| 300 |
|
|
|a 224 pages ;
|c 21 cm.
|
| 336 |
|
|
|a text
|b txt
|2 rdacontent
|
| 337 |
|
|
|a microform
|b h
|2 rdamedia
|
| 338 |
|
|
|a microfiche
|b he
|2 rdacarrier
|
| 500 |
|
|
|a Errata slip attached to verso of t.-p.
|
| 500 |
|
|
|a Dispatches of Admiral Edward Vernon, with a number signed by Vernon and C. Ogle.
|
| 500 |
|
|
|a Microfiche. Louisville, Ky. : Lost Cause Press, 1977. -- 4 sheets ; 10.5 x 14.8 cm. -- (Sabin, Joseph, 1821-1881. [Bibliotheca Americana] Selected Americana. [Microfiche edition]) -- (Fiche book).
|
| 500 |
|
|
|a "Sabin: 99246."
|
| 500 |
|
|
|a "Copied from the original in the Library of Congress."
|
| 500 |
|
|
|a Microform.
|
| 650 |
2 |
0 |
|a Panama Expedition, 1741.
|
| 700 |
1 |
|
|a Ogle, Chaloner,
|c Sir,
|d 1681?-1750.
|
| 999 |
|
|
|a MARS
|
| 999 |
f |
f |
|s 7c11e605-751f-30ba-a26d-30144b36b6d9
|i f6253062-57ed-31b1-a786-9f3dcdf3328c
|t 0
|
| 952 |
f |
f |
|p default
|a Texas A&M University
|b College Station
|c Sterling C. Evans Library
|d Evans: Microforms (3rd floor)
|t 0
|e fiche C 14739
|h Other scheme
|i microform -- microfiche
|
| 952 |
f |
f |
|p normal
|a Texas A&M University
|b College Station
|c Sterling C. Evans Library
|d Evans: Microforms (3rd floor)
|t 0
|e fiche C 2118
|h Other scheme
|i microform -- microfiche
|m A14820792690
|
| 998 |
f |
f |
|a fiche C 2118
|t 0
|l Evans: Microforms (3rd floor)
|
| 998 |
f |
f |
|a fiche C 14739
|t 0
|l Evans: Microforms (3rd floor)
|